00497nam a2200181Ia 4500003000400000008004100004040001600045082001600061100002000077245007800097700001800175700001800193260004800211300001200259650001400271650001500285650001500300GCL140319s9999 xx 000 0 eng d aGCL / cGCL04a618.25bE G1 aENNKIN , MARRAY10aA GUIDE TO EFFECTIVE CARE IN PREGNANCY AND CHILDBIRTH / cENNKIN , MARRAY1 aRENFREW, MARY1 aNILSON, JAMES a[S.N] : bOXFORD UNIVERSITY PRESS ، c1995 a429 P P04aPREGNANCY04aCHILDBIRTH04aMOTHERCARE